书目信息 |
| 题名: |
精彩描写1000句
|
|
| 作者: | 黄利军 编 | |
| 分册: | ||
| 出版信息: |
|
|
| 页数: | 210页 | |
| 开本: | 32开 | |
| 丛书名: | ||
| 单 册: | ||
| 中图分类: | I267 | |
| 科图分类: | ||
| 主题词: | 散文--中国 , 散文--作品综合集--中国 | |
| 电子资源: | ||
| ISBN: | 7-5652-0781-0 | |
| 000 | 00531nam0 2200193 45 | |
| 001 | 0006131646 | |
| 005 | 20000613162056.2 | |
| 010 | @a7-5652-0781-0@d3.80元 | |
| 100 | @a20000613d km y0chiy0120 ea | |
| 101 | 0 | @achi |
| 105 | @a z 000yy | |
| 200 | 1 | @a精彩描写1000句@AJing Cai Miao Xie 1000 Ju@f黄利军编@FHuang Li Jun Bian |
| 215 | @a210页@d32开 | |
| 606 | 0 | @a散文@x中国 |
| 606 | 0 | @a散文@x作品综合集@x中国 |
| 690 | @aI267@v3 | |
| 701 | 0 | @a黄利军@4编 |
| 801 | @aCN@bPftUser@c20000613 | |
| 905 | @b201450-452@dI267@eH345@f3 | |
| 精彩描写1000句/黄利军编 |
| 210页;32开 |
| ISBN 7-5652-0781-0:3.80元 |
| ● |
| 相关链接 |
|
|
|
正题名:精彩描写1000句
索取号:I267/H345
 
预约/预借
| 序号 | 登录号 | 条形码 | 馆藏地/架位号 | 状态 | 备注 |
| 1 | 201450 | 202014505 | 社科二线400B/400B社科库 25排3列5层/ [索取号:I267/H345] | 在馆 | |
| 2 | 201451 | 202014514 | 文学库116/400B社科库 29排2列1层/ [索取号:I267/H345] | 在馆 | |
| 3 | 201452 | 202014523 | 文学库116/ [索取号:I267/H345] | 在馆 |